000 00707cam a2200229 4500
001 32532
003 AR-RoBPED
005 20260410131511.0
008 260408s1971 sp ||||| |||| 00| 1 spa d
040 _aAR-RoBPED
041 _aspa
100 1 _aDefoe, Daniel, (seud.)
_d1661?-1731
_923235
245 1 0 _aRobinson Crusoe /
_cDaniel Defoe ; prólogo de Juan Perucho
260 _aNavarra :
_bSalvat,
_c1970.
300 _a225 p.
490 0 _a(Biblioteca Básica Salvat ;
_v30)
650 4 _aLITERATURA INGLESA
_9444
650 4 _aNOVELAS
_925
700 1 _aPerucho, Juan
_d1920-2003
_924225
_eprol.
942 _2udc
_ak. 32532
_cBK
_h820-3
_mD 27
_ninv. 42320
945 _amm 08/04/2026 mev 10/04/2026
999 _c32532
_d32532